Länder der Welt - Tippen Sie den ersten Buchstaben ein - Statistiken

Allgemein
  • Dieses Quiz wurde 1.689 mal gespielt
  • Das Durchschnittsergebnis liegt bei 118 aus 196
Antworten auf der Karte
Die Antworten werden auf der Karte rot bzw. grün angezeigt, abhängig davon wie oft sie richtig erraten wurden.
 
Antwortstatistiken
Land % Korrekt
Ghana
65%
Bulgarien
64%
Guyana
64%
Indien
64%
Italien
64%
Neuseeland
64%
Philippinen
64%
Ruanda
64%
Albanien
63%
Armenien
63%
Australien
63%
Belarus
63%
Bosnien und Herzegowina
63%
Chile
63%
Kolumbien
63%
Kroatien
63%
Litauen
63%
Malta
63%
Marokko
63%
Niederlande
63%
San Marino
63%
Serbien
63%
Sri Lanka
63%
Tschechien
63%
Ungarn
63%
Zypern
63%
Ägypten
62%
Andorra
62%
Argentinien
62%
Belgien
62%
Bolivien
62%
Brasilien
62%
Deutschland
62%
Japan
62%
Laos
62%
Luxemburg
62%
Nepal
62%
Nordmazedonien
62%
Panama
62%
Papua-Neuguinea
62%
Polen
62%
Schweden
62%
Senegal
62%
Slowakei
62%
Slowenien
62%
Suriname
62%
Tunesien
62%
Vereinigtes Königreich
62%
Vereinigte Staaten
62%
Algerien
61%
Aserbaidschan
61%
Bangladesch
61%
Bhutan
61%
China
61%
Dem Rep Kongo
61%
Estland
61%
Finnland
61%
Frankreich
61%
Haiti
61%
Indonesien
61%
Irak
61%
Iran
61%
Irland
61%
Island
61%
Jordanien
61%
Libyen
61%
Madagaskar
61%
Malaysia
61%
Malediven
61%
Mexiko
61%
Moldawien
61%
Monaco
61%
Nordkorea
61%
Norwegen
61%
Peru
61%
Portugal
61%
Saudi-Arabien
61%
Somalia
61%
Spanien
61%
Südafrika
61%
Südkorea
61%
Tadschikistan
61%
Tansania
61%
Thailand
61%
Turkmenistan
61%
Ukraine
61%
Vatikanstadt
61%
Äthiopien
60%
Cabo Verde
60%
Costa Rica
60%
Dominikanische Republik
60%
Ecuador
60%
El Salvador
60%
Eritrea
60%
Kambodscha
60%
Kenia
60%
Kongo
60%
Kuba
60%
Libanon
60%
Mauritius
60%
Montenegro
60%
Myanmar
60%
Nigeria
60%
Österreich
60%
Schweiz
60%
Sierra Leone
60%
Sudan
60%
Türkei
60%
Uruguay
60%
Usbekistan
60%
Vereinigte Arabische Emirate
60%
Vietnam
60%
Zentralafrikanische Republik
60%
Afghanistan
59%
Bahamas
59%
Bahrain
59%
Botswana
59%
Burkina Faso
59%
Dänemark
59%
Elfenbeinküste
59%
Eswatini
59%
Georgien
59%
Guinea-Bissau
59%
Jamaika
59%
Jemen
59%
Kasachstan
59%
Kirgisistan
59%
Kuwait
59%
Lesotho
59%
Lettland
59%
Liechtenstein
59%
Mali
59%
Mongolei
59%
Mosambik
59%
Niger
59%
Paraguay
59%
Russland
59%
Sambia
59%
São Tomé und Príncipe
59%
Seychellen
59%
Simbabwe
59%
Singapur
59%
Südsudan
59%
Syrien
59%
Timor-Leste
59%
Venezuela
59%
Äquatorial-Guinea
58%
Barbados
58%
Belize
58%
Benin
58%
Brunei
58%
Gabun
58%
Gambia
58%
Griechenland
58%
Guatemala
58%
Guinea
58%
Israel
58%
Kanada
58%
Kosovo
58%
Liberia
58%
Malawi
58%
Mauretanien
58%
Namibia
58%
Oman
58%
Salomonen
58%
Taiwan
58%
Togo
58%
Tschad
58%
Uganda
58%
Vanuatu
58%
Angola
57%
Antigua und Barbuda
57%
Burundi
57%
Dominica
57%
Dschibuti
57%
Honduras
57%
Kamerun
57%
Katar
57%
Kiribati
57%
Marshallinseln
57%
Nauru
57%
Pakistan
57%
Rumänien
57%
Samoa
57%
St Kitts und Nevis
57%
St Vincent und die Grenadinen
57%
Tuvalu
57%
Fidschi
56%
Komoren
56%
Mikronesien
56%
Nicaragua
56%
Trinidad und Tobago
56%
Palau
55%
Grenada
54%
St Lucia
54%
Tonga
54%
Keine übereinstimmenden Quizze gefunden
Verteilung der Resultate
Anzahl Personen mit jedem Resultat
Perzentil nach korrekt beantworteten Fragen
Ihre Resultats-Entwicklung
Sie haben dieses Quiz noch nicht gespielt